| 000 | 01370cam a2200301 i 4500 | ||
|---|---|---|---|
| 003 | SA-RiAUC | ||
| 005 | 20241202140700.0 | ||
| 008 | 241128s1986 su g b 00010 ara c | ||
| 040 |
_aSA-JeALM _bara _cSA-RiAUC _erda |
||
| 082 | 0 | 4 |
_a252.5 _qSA-RiAUC |
| 090 |
_a252.5 _bز ي ن |
||
| 100 | 1 |
_aزين العابدين، أبو القاسم _eمؤلف. |
|
| 245 | 1 | 2 |
_aالكعبة والحج في العصور المختلفة مع أهم مناسك الحج على المذاهب الأربعة / _cتأليف أبو القاسم زين العابدين. |
| 246 | 3 | 0 | _aمناسك الحج على المذاهب الأربعة |
| 264 | 1 |
_aمكة المكرمة : _bابو القاسم زين العابدين، _c1986 |
|
| 300 |
_a253 صفحة ؛ _c24 سم |
||
| 336 |
_aنص _btxt _2rdacontent _3كتاب |
||
| 337 |
_aبدون وسيط _bn _2rdamedia |
||
| 338 |
_aمجلد _bnc _2rdacarrier |
||
| 504 | _aيشتمل على إرجاعات ببليوجرافية. | ||
| 504 | _aببليوجرافية : صفحة 244-245. | ||
| 610 | 2 | 7 |
_aالمسجد الحرام _xتاريخ _2aucnm |
| 610 | 2 | 7 |
_aمجموعة الحرمين الشريفين (المدينة المنورة) _2aucnm |
| 650 | 7 |
_aالحج (فقه إسلامي) _xمناسك _2aucsh |
|
| 650 | 7 |
_aالكعبة _xتاريخ _2aucsh |
|
| 942 |
_2ddc _cBOOK _n0 |
||
| 949 |
_aSA-JeALM _d241128 _uosman123 _n1 |
||
| 999 |
_c2949 _d2949 |
||